000 01717nam a22003374i 4500
001 768714001
003 CO-MdFUSB
005 20240703080521.0
007 ta
008 180901t1996 xxk||||| |||| 00| 0 eng d
020 _a0851107508
040 _aCO-MdFUSB
_bspa
_cCO-MdFUSB
_dCO-MdFUSBC
_erda
041 _aeng
082 _223
_a227.207
_bP958
100 _aPrior, David
_eautor
245 1 4 _aThe message of 1 Corinthians
_b: life in the local church
_c/ David Prior ; editado por John RW Stott
264 1 _aEdiciones Sígueme
_bIntervarsity Press,
_c[1985]
264 4 _c©1985
300 _a285 páginas ;
_c21 cm
336 _2rdacontent
_atexto
_btxt
337 _2rdamedia
_asin mediación
_bn
338 _2rdacarrier
_avolumen
_bnc
490 _aThe Bible Speaks Today
505 _aIntroducción -- La iglesia perfecta (1:1-9) -- Camarillas en Corinto (1:10-17) -- Sabiduría - verdadero y falso (1:18-2:16) -- Locos por el amor de Cristo (3:1-4:21) -- Huir de la fornicación (5:1-13;6:9-20) -- Resuelto fuera de la corte (6:1-8) -- Matrimonio y soltería: dos regalos de Dios (7:1-40) -- Libertad y sensibilidad por otros (8:1-13) -- Libertad para restringir nuestra libertad (9:1-27) -- La libertad y sus peligros (10:11:1) -- La comunidad cristiana en el culto (11:2-34) -- Con respecto a los dones espirituales (12:1-31) -- Si yo no tengo amor... (13:1-13) -- Profecía y lenguas (14:1-40) -- Resurrección: pasado, presente y futuro (15:1-58) -- Una iglesia internacional (16:1-24)
563 _aTapa rústicas
630 7 _aBiblia.
_pCorintios, 1ª
_xCrítica, interpretación, etc.
700 _aStott, John RW
_eeditor
942 _cBK
945 _aJTF-925
999 _c64478
_d64478